| 000 | 01568 a2200385 4500 | ||
|---|---|---|---|
| 999 |
_c200421349 _d38537 |
||
| 001 | 200421349 | ||
| 003 | TR-AnTOB | ||
| 005 | 20200408164509.0 | ||
| 008 | 150216s tu 000 0 | ||
| 020 | _a9789751621825 | ||
| 040 |
_aTR-AnTOB _btur _erda _cTR-AnTOB |
||
| 041 | 0 | _atur | |
| 050 | 0 | 0 |
_aPL21 _b.A45 2008 |
| 090 | _aPL21 .A45 2008 | ||
| 111 | 1 |
_9104252 _aUluslararası Türkiyat Araştırmaları Bilgi Şöleni _n(2. : _d2008 : _cAnkara) |
|
| 245 | 1 | 0 |
_a2. Uluslararası Türkiyat Araştırmaları bilgi şöleni bildirileri : _bKaşgarlı Mahmut ve dönemi 28-30 Mayıs 2008 / _cyayıma hazırlayanlar Ülkü Çelik Şavk, Fatma Türkyılmaz, Mikail Cengiz. |
| 246 | 1 | 3 | _aİkinci Uluslararası Türkiyat Araştırmaları Bilgi Şöleni bildirileri |
| 246 | 1 | 3 | _aKâşgarlı Mahmud ve dönemi |
| 264 |
_aAnkara: _bTürk Dil Kurumu, _c2009. |
||
| 300 |
_a856 pages ; _c24 cm. |
||
| 336 |
_atext _2rdacontent _btxt |
||
| 337 |
_aunmediated _2rdamedia _bn |
||
| 338 |
_avolume _2rdacarrier _bnc |
||
| 504 | _aIncludes bibliographical refererences. | ||
| 546 | _aTurkish, English, Kazakh, Kyrgyz, Russian and Uzbek. | ||
| 600 | 0 |
_aKaşgarlı Mahmud, _d11. yüzyıl _vKongreler _977706 |
|
| 600 | 1 |
_aKaşgarlı Mahmud, _d11. yüzyıl. _tDîvânü Lugati't-Türk _vKongreler _9104250 |
|
| 650 | 0 | 0 |
_aTurkic philology _vCongresses _9104254 |
| 650 | 0 | 0 |
_aTurkic languages _xLexicography _vCongresses _9104253 |
| 700 | 1 |
_aŞavk, Ülkü Çelik _911913 |
|
| 700 | 1 |
_aCengiz, Mikail _977392 |
|
| 700 | 1 |
_aTürkyılmaz, Fatma _977393 |
|
| 942 |
_cBK _2lcc |
||